Política económica en Costa Rica: un análisis en retrospectiva /
El presente estudio se orienta al estudio de la política económica, hechos y enfoques predominantes en la república de Costa Rica durante las últimas 3 décadas. Presenta el marco de referencia que envuelve la acción de gobierno en medio de las propuestas y condicionalidad de los organismos financier...
Na minha lista:
| Autor principal: | |
|---|---|
| Formato: | Texto |
| Assuntos: | |
| Tags: |
Adicionar Tag
Sem tags, seja o primeiro a adicionar uma tag!
|
MARC
| LEADER | 00000 a a2200000 04500 | ||
|---|---|---|---|
| 001 | 42256 | ||
| 003 | |||
| 040 | |||
| 100 | |a Barquero Chacón, Aníbal | ||
| 245 | |a Política económica en Costa Rica: |b un análisis en retrospectiva / |c Aníbal Barquero Chacón | ||
| 520 | |a El presente estudio se orienta al estudio de la política económica, hechos y enfoques predominantes en la república de Costa Rica durante las últimas 3 décadas. Presenta el marco de referencia que envuelve la acción de gobierno en medio de las propuestas y condicionalidad de los organismos financieros institucionales, los problemas locales de las finanzas públicas y la reforma financiera. | ||
| 590 | |a RRH/NOVIEMBRE2011 | ||
| 650 | |a POLITICA ECONOMICA | ||
| 650 | |a LIBERALIZACION DE MERCADOS FINANCIEROS | ||
| 650 | |a MONETARISMO | ||
| 650 | |a DEUDA EXTERNA | ||
| 650 | |a BANCOS CENTRALES | ||
| 650 | |a ORGANIZACIONES INTERNACIONALES | ||
| 650 | |a FINANZAS PUBLICAS | ||
| 650 | |a COSTA RICA | ||
| 773 | |g volumen29, número1 (2011), páginas 97-136 | ||
| 999 | |c 24334 |d 24334 | ||
